| 000 | 00652nam a2200169 a 4500 | ||
|---|---|---|---|
| 008 | 080226s2006 ||||||||||||||||| || u | ||
| 050 | _aUNO(02) | ||
| 110 | _aUnited Nations Economic and Social Affairs (UNESA) | ||
| 245 | 1 | 0 | _aUnited Nations peacekeeping: meeting new challenges; frequently asked questions |
| 260 |
_aNew York: _bUNITED NATIONS _c2006 |
||
| 300 | _a24p.: ill. | ||
| 350 | _a0.00 | ||
| 650 | _aUNITED NATIONS | ||
| 650 | _aPEACEKEEPING | ||
| 650 | _aPEACE MOVEMENTS | ||
| 995 |
_D0.00 _FCBU-MAIN LIBRARY (Kitwe) _H1 _I0.00 _M1 _UAVAILABLE _WSep 8, 2008 _ZInternational Publications |
||
| 999 |
_c60850 _d60850 |
||